000 00251nam a2200109 a 4500
005 20201002040731.0
008 140226s1996 000 spa d
020 _a8481811602
245 0 _aCine EspaƱol.
260 _a[s.l.],
_c1996.
999 _c42709
_d42709
040 _aDO-SdBNP